Catàleg del Col·legi de Periodistes de Catalunya

Recomendaciones para una comunicación con perspectiva de infancia [Recurs electrònic] (Registre núm. 7988)

000 -CABECERA
Campo de control de longitud fija 00858nam a22001697a 4500
005 - FECHA Y HORA DE LA ÚLTIMA TRANSACCIÓN
Campo de control 20241128165613.0
008 - CAMPO FIJO DE DESCRIPCIÓN FIJA--INFORMACIÓN GENERAL
Campo de control de longitud fija 230717b ||||| |||| 00| 0 eng d
040 ## - FUENTE DE CATALOGACIÓN
Agencia de catalogación original CDMR
110 ## - ENCABEZAMIENTO PRINCIPAL--NOMBRE CORPORATIVO
9 (RLIN) 4995
Nombre corporativo o de jurisdicción como elemento de entrada Aldeas Infantiles SOS
245 ## - MENCIÓN DE TÍTULO
Título Recomendaciones para una comunicación con perspectiva de infancia [Recurs electrònic]
Parte restante del título : basadas en la Guía y Código Deontológico para la comunicación sobre la infancia y la adolescencia
Mención de responsabilidad, etc. / Aldeas Infantiles SOS
260 ## - PUBLICACIÓN, DISTRIBUCIÓN, ETC (PIE DE IMPRENTA)
Lugar de publicación, distribución, etc. [S.l.] :
Nombre del editor, distribuidor, etc. Aldeas Infantiles SOS,
Fecha de publicación, distribución, etc. 2023
300 ## - DESCRIPCIÓN FÍSICA
Extensión 1 recurs electrònic (5 pàgines)
650 #0 - ASIENTO SECUNDARIO DE MATERIA--TÉRMINO DE MATERIA
9 (RLIN) 983
Nombre de materia o nombre geográfico como elemento de entrada Ètica periodística
650 #0 - ASIENTO SECUNDARIO DE MATERIA--TÉRMINO DE MATERIA
9 (RLIN) 3487
Nombre de materia o nombre geográfico como elemento de entrada Mitjans de comunicació de massa i infants
856 ## - ACCESO ELECTRÓNICO
Nota Pública Accés en línia
Identificador uniforme del recurso URI <a href="https://www.periodistes.cat/sites/default/files/public/continguts/actualitat/2023/03/documents/310123-recomendaciones-aldeas-infantiles-1.pdf">https://www.periodistes.cat/sites/default/files/public/continguts/actualitat/2023/03/documents/310123-recomendaciones-aldeas-infantiles-1.pdf</a>
942 ## - ELEMENTOS KOHA
Fuente de clasificación o esquema de ordenación en estanterías
Koha tipo de item Recursos en línia
Fons
Suprimido Perdido Fuente de clasificación o esquema de ordenación en estanterías Estropeado No se presta Localización (Biblioteca) Sublocalización o Colección (subbiblioteca) Fecha de adquisición Koha préstamos (veces que ha sido prestado) Koha signatura completa Koha Fecha de último uso Precio Koha tipo de item
          Centre de Documentació Montserrat Roig Centre de Documentació Montserrat Roig 2024-11-28   Disponible en línia 2024-11-28 2024-11-28 Recursos en línia

Implantat amb Koha